La montaña mágica
Wedi'i Gadw mewn:
| Prif Awdur: | |
|---|---|
| Fformat: | Llyfr |
| Iaith: | Sbaeneg |
| Cyhoeddwyd: |
Santiago
Ercilla
1942
|
| Pynciau: | |
| Tagiau: |
Ychwanegu Tag
Dim Tagiau, Byddwch y cyntaf i dagio'r cofnod hwn!
|
MARC
| LEADER | 00000cam a2200000 a 4500 | ||
|---|---|---|---|
| 001 | UCF1098 | ||
| 003 | CL-VaPUC | ||
| 008 | 120621e19420000CL |||||||||||||||||spa|d | ||
| 082 | 0 | 4 | |a 833 |b MAN |2 21 |
| 100 | |a Mann, Thomas |e autor |9 338731 | ||
| 245 | 1 | 3 | |a La montaña mágica |
| 300 | |a 343 p | ||
| 942 | |c BK | ||
| 945 | |d 20120621 00:00:00 |a cmena | ||
| 260 | |a Santiago |b Ercilla |c 1942 | ||
| 650 | 0 | |a Novelas alemanas |9 265783 | |
| 650 | 0 | |a Literatura alemana |9 265457 | |
| 583 | |a last modification |c 20120621 10:53:00 |k Rodrigo Vera | ||
| 999 | |c 348067 |d 348065 | ||
| 952 | |0 0 |1 0 |4 0 |6 833_000000000000000_MAN_1942 |7 0 |8 A |9 449935 |a BIBART |b BIBART |d 2019-11-22 |i 4811666 |l 1 |o 833 MAN 1942 |p 4811666 |r 2025-03-13 |s 2022-06-28 |w 2019-11-22 |y BK |k ART | ||